[Event "7th ch-Euro w"]
[Site "Kusadasi TUR"]
[Date "2006.04.13"]
[Round "9"]
[White "Arakhamia,K"]
[Black "Zdebskaja,N"]
[Result "0-1"]
[WhiteElo "2426"]
[BlackElo "2326"]

1.e4 c5 2.Nf3 d6 3.d4 cxd4 4.Nxd4 Nf6 5.Nc3 a6 6.f3 e5 7.Nb3 Be6 8.Be3 Be7
9.Qd2 O-O 10.O-O-O Nbd7 11.g4 b5 12.g5 b4 13.Ne2 Ne8 14.Ng3 a5 15.Kb1 a4
16.Nc1 b3 17.cxb3 axb3 18.a3 Qb8 19.Nf5 Bd8 20.f4 d5 21.fxe5 dxe4 22.Nd4 Bg4
23.Be2 Bxe2 24.Qxe2 Qxe5 25.Ndxb3 Nd6 26.Rhf1 Bc7 27.Bf4 Qe7 28.Rd5 Nb6 29.Re5 Qd8
30.Rd1 Qb8 31.Rc5 Nbc4 32.Rd4 Rc8 33.h4 g6 34.h5 gxh5 35.Bxd6 Nxd6 36.Qxh5 Qb6
37.Rb4 Qa6 38.Rc2 Qf1 39.Rh2 Qf5 40.Nd4 Qg6 41.Nce2 e3+ 42.Ka2 Ne4 43.Rh4 Nd2
44.Qxg6+ hxg6 45.Rh3 Be5 46.Rb7 Re8 47.Nb5 Bb8 48.Rd7 Be5 49.Rxe3 Nc4 50.Re4 Bxb2
51.Rxe8+ Rxe8 52.Ned4 Bxd4 53.Rxd4 Nb6 54.Nc3 Kg7 55.Ne4 Re5 56.Kb3 Nd5 57.a4 Nc7
58.Rd7 Ne6 59.Kc4 Rxe4+ 60.Kd5 Rxa4  0-1

[Event "17th Pobeskydi Hamont Cup"]
[Site "Frydek Mistek CZE"]
[Date "2006.04.14"]
[Round "4"]
[White "Toma,K"]
[Black "Lahner,J"]
[Result "0-1"]
[WhiteElo "2238"]
[BlackElo "2291"]

1.e4 c5 2.Nf3 d6 3.d4 cxd4 4.Nxd4 Nf6 5.Nc3 a6 6.f3 Qb6 7.Nb3 e6 8.Qe2 Qc7
9.a4 b6 10.Be3 Be7 11.Qf2 Nfd7 12.Nd2 Nc6 13.Bd3 Nce5 14.O-O O-O 15.Be2 Bb7
16.Rfd1 d5 17.f4 Ng6 18.exd5 exd5 19.Nb3 d4 20.Nxd4 Bc5 21.Bf3 Rfe8 22.Bxb7 Qxb7
23.Nf5 Rxe3 24.Nxe3 Re8 25.Ncd5 Nf6 26.Nxf6+ gxf6 27.Rd3 Qe4 28.Re1 Nxf4
29.Rc3 Nd5 30.Qg3+ Kh8 31.Rxc5 bxc5 32.Kf2 Nxe3 33.Rxe3 Qxc2+ 34.Kf1 Qc4+
35.Kf2 Qd4 36.b3 Qd2+  0-1

[Event "7th ch-Euro"]
[Site "Kusadasi TUR"]
[Date "2006.04.14"]
[Round "10"]
[White "David,Alb"]
[Black "Sakaev,K"]
[Result "0-1"]
[WhiteElo "2591"]
[BlackElo "2649"]

1.e4 c5 2.Nf3 d6 3.d4 cxd4 4.Nxd4 Nf6 5.Nc3 a6 6.f3 e6 7.Be3 b5 8.Qd2 Nbd7
9.g4 Nb6 10.a4 Nc4 11.Bxc4 bxc4 12.a5 Qc7 13.Na4 Rb8 14.Nb6 Nd7 15.Ne2 Be7
16.Qc3 O-O 17.Bd4 Nxb6 18.axb6 Rxb6 19.O-O-O e5 20.Bxb6 Qxb6 21.Qa3 Qa7 22.Kb1 Be6
23.Nc3 d5 24.Qa5 d4 25.Nd5 Bd6 26.f4 exf4 27.e5 Bc5 28.Nxf4 Bxg4 29.Rde1 Rb8
30.e6 Bxe6 31.Nxe6 fxe6 32.Rhf1 Bb4 33.Qe5 Bxe1 34.Qxe6+ Kh8 35.Rxe1 Qc5
36.Qd7 h6 37.Re8+ Rxe8 38.Qxe8+ Kh7 39.Qe4+ Kg8 40.Qe8+ Qf8 41.Qe6+ Qf7 42.Qxa6 Qd5
43.Qc8+ Kh7 44.Qg4 d3 45.cxd3 cxd3 46.h4 Qh1+ 47.Ka2 Qd5+ 48.Kb1 h5 49.Qd1 Kg8
50.Kc1 Qc4+ 51.Kd2 Qxh4 52.Qb3+ Kh8 53.Qxd3 Qb4+ 54.Kc2 h4 55.Qf5 Qc4+ 56.Kd2 Kg8
57.Qg5 Qd4+ 58.Ke1 h3 59.Qh5 Qg1+ 60.Ke2 Qg2+ 61.Ke3 Qg3+ 62.Ke2 Qg2+ 63.Ke3 Qg3+
64.Ke2 g6 65.Qd5+ Kg7 66.Qe6 Kh6 67.Qc8 Qe5+ 68.Kf3 Qd5+ 69.Ke3 Kg5 70.Kf2 h2
71.Qc1+ Kh5  0-1

[Event "7th ch-Euro"]
[Site "Kusadasi TUR"]
[Date "2006.04.15"]
[Round "11"]
[White "Berescu,A"]
[Black "Baramidze,D"]
[Result "0-1"]
[WhiteElo "2433"]
[BlackElo "2554"]

1.e4 c5 2.Nf3 d6 3.d4 cxd4 4.Nxd4 Nf6 5.Nc3 a6 6.f3 e6 7.Be3 h5 8.a4 b6 9.Bc4 Bb7
10.Qe2 Nbd7 11.O-O Qc7 12.Rad1 Nc5 13.Kh1 Rc8 14.Ba2 h4 15.Bg5 h3 16.g4 Be7
17.Bc1 g6 18.g5 Nh5 19.f4 Ng7 20.Kg1 Rh4 21.Rf3 Nh5 22.Re1 Qd7 23.Qf2 Rg4+
24.Kh1 Bf8 25.Rxh3 e5 26.Nd5 Bg7 27.Rxh5 gxh5 28.Nf5 Kf8 29.h3 Nxe4 30.Qf3 Qxf5
31.hxg4 Nxg5 32.Qg2 hxg4 33.fxg5 Rxc2 34.Bd2 Rxb2 35.Bc4 Qc2 36.Rf1 Qxc4  0-1

[Event "LII Nacional Abierto"]
[Site "Mexico City MEX"]
[Date "2006.04.15"]
[Round "8"]
[White "Hernandez,Ed"]
[Black "Morales Garcia,S"]
[Result "1-0"]
[WhiteElo "2344"]
[BlackElo "2199"]

1.e4 c5 2.Nf3 d6 3.d4 cxd4 4.Nxd4 Nf6 5.Nc3 a6 6.f3 e5 7.Nb3 Be6 8.Be3 Nbd7
9.g4 b5 10.Qd2 Nb6 11.Qf2 Nfd7 12.O-O-O Nc4 13.Nd5 Bxd5 14.Rxd5 Nxe3 15.Qxe3 Be7
16.Kb1 Qc7 17.Rd1 O-O 18.h4 Rac8 19.Qd2 Nb6 20.Bd3 d5 21.exd5 Nxd5 22.Be4 Nb6
23.Qd3 g6 24.h5 Rfd8 25.Qe2 Rxd1+ 26.Rxd1 Nc4 27.Rh1 Bf6 28.Nd2 Bg7 29.Nxc4 bxc4
30.c3 Qb6 31.hxg6 hxg6 32.Rd1 Rb8 33.Ka1 Qb5 34.Bd5 Rc8 35.Qe4 Kf8 36.Qe2 a5
37.Be4 Rb8 38.Rd5 Qb6 39.Qd2 Bf6 40.Rd6 Qg1+ 41.Bb1 Be7 42.Rd5 e4 43.fxe4 a4
44.a3 Rb5 45.Qd4 Qh2 46.Bc2 Rb8  1-0

[Event "TCh-HUN 2005-6"]
[Site "Hungary HUN"]
[Date "2006.04.23"]
[Round "11"]
[White "Kubacsny,L"]
[Black "Toth,An1"]
[Result "1-0"]
[WhiteElo "2384"]
[BlackElo "2439"]

1.e4 c5 2.Nf3 d6 3.d4 cxd4 4.Nxd4 Nf6 5.Nc3 a6 6.f3 Qb6 7.Nb3 e6 8.Qe2 Qc7
9.Bf4 Nbd7 10.O-O-O Be7 11.g4 Ne5 12.Kb1 b5 13.g5 Nfd7 14.Qf2 Bb7 15.h4 Rc8
16.Rc1 O-O 17.h5 b4 18.Ne2 d5 19.Bg2 Bd6 20.Qh4 dxe4 21.fxe4 Nc4 22.g6 Bxf4
23.gxh7+ Kh8 24.Nxf4 Qd8 25.Qg3 Nc5 26.Nxc5 Rxc5 27.Nd3 Rg5 28.Qf2 Rxg2 29.Qxg2 Bxe4
30.Qf2 Bxh1 31.Rxh1 Qd5 32.Rg1 Qxh5 33.Qd4 Nd2+ 34.Ka1 Qh6 35.Qxb4 g6 36.Qc3+ Kxh7
37.Nf2 Kg8 38.Rh1 Ne4 39.Qd4  1-0

[Event "XIII TCh-RUS 1st League"]
[Site "Sochi RUS"]
[Date "2006.04.23"]
[Round "4"]
[White "Pushkarev,D"]
[Black "Siuniakov,I"]
[Result "1-0"]
[WhiteElo "2337"]
[BlackElo "2305"]

1.e4 c5 2.Nf3 d6 3.d4 cxd4 4.Nxd4 Nf6 5.Nc3 a6 6.f3 e6 7.Be3 Nbd7 8.g4 h6
9.Qd2 b5 10.O-O-O Bb7 11.h4 b4 12.Na4 Qa5 13.b3 Nc5 14.a3 Rc8 15.Qxb4 Qc7
16.Nxc5 dxc5 17.Qa4+ Nd7 18.Ne2 c4 19.b4 Bc6 20.Qxa6 Ra8 21.Qxc4 Rxa3 22.Rxd7 Qxd7
23.Nc3 Be7 24.Kb2 Ra8 25.Qxc6 Qxc6 26.Bb5 Qxb5 27.Nxb5 O-O 28.Kb3 Rab8 29.c4 Rfd8
30.Kc3 Rdc8 31.Kb3 Rd8 32.Kc3 Rd7 33.f4 Rbd8 34.Nd4 g5 35.hxg5 hxg5 36.fxg5 Bf8
37.c5 Bg7 38.e5 Bxe5 39.Rd1 Bg7 40.Rd2 Rd5 41.Kc4 Re5 42.Nc6 Re4+ 43.Kb5 Re8
44.Rd3 Rxg4 45.Kb6 Rg3 46.b5 Bb2 47.Nb4 Ra8 48.Bc1 Rg4 49.Bxb2 Rxb4 50.Be5 Kh7
51.c6 Kg6 52.c7 Rc8 53.Rd8 Rxc7 54.Bxc7 Kxg5 55.Kc5 Rb1 56.Rd4 f5 57.Rb4 Rc1+
58.Rc4 Rb1 59.b6 Kf6 60.Rb4 Rc1+ 61.Kb5  1-0

[Event "XIII TCh-RUS"]
[Site "Sochi RUS"]
[Date "2006.04.28"]
[Round "9"]
[White "Smirnov,P"]
[Black "Sakaev,K"]
[Result "0-1"]
[WhiteElo "2614"]
[BlackElo "2637"]

1.e4 c5 2.Nf3 d6 3.d4 cxd4 4.Nxd4 Nf6 5.Nc3 a6 6.Be3 Ng4 7.Bc1 Nf6 8.f3 e6
9.Be3 b5 10.g4 h6 11.Qd2 b4 12.Na4 Nbd7 13.O-O-O Ne5 14.b3 Bd7 15.Nb2 d5
16.Bf4 Qc7 17.Bg3 dxe4 18.f4 Nexg4 19.Nc4 Nh5 20.Qe1 Nxg3 21.hxg3 Rd8 22.Be2 Nf6
23.Ne5 Bc5 24.Bc4 Bc8 25.c3 bxc3 26.Qxc3 O-O 27.g4 Nd5 28.Bxd5 Rxd5 29.g5 Ba3+
30.Kc2 Qxc3+ 31.Kxc3 hxg5 32.Rh2 f6 33.Ng6 Rfd8 34.b4 Bxb4+ 35.Kxb4 Rxd4+
36.Rxd4 Rxd4+ 37.Kc5 Rd5+ 38.Kc6 Kf7 39.Nh8+ Ke8  0-1

[Event "RC SPORT Open"]
[Site "Usti nad Orlici CZE"]
[Date "2006.05.01"]
[Round "4"]
[White "Petr,Ma"]
[Black "Jedlicka,A"]
[Result "1-0"]
[WhiteElo "2416"]
[BlackElo "2275"]

1.e4 c5 2.Nf3 d6 3.d4 cxd4 4.Nxd4 Nf6 5.Nc3 a6 6.f3 e5 7.Nb3 Be6 8.Be3 Be7
9.Qd2 O-O 10.O-O-O Nbd7 11.g4 b5 12.g5 b4 13.Ne2 Ne8 14.Ng3 a5 15.Kb1 a4
16.Nc1 Qb8 17.Nf5 Bd8 18.Bd3 Nc5 19.h4 b3 20.cxb3 axb3 21.a3 Qc8 22.h5 d5
23.exd5 Nxd3 24.dxe6 Nxc1 25.Rxc1 Qxe6 26.Qd3 Ra4 27.Nh6+ gxh6 28.Qxd8 Ng7
29.Qf6 hxg5 30.Bxg5 Ra6 31.Qxe6 Rxe6 32.Rc7 h6 33.Be3 Rf6 34.Rg1 Kh7 35.f4 Ne6
36.fxe5 Rf5 37.Rc3 Rb8 38.Bc5 Rxh5 39.Bb4 Nd4 40.Rd1 Nc2 41.Be7 Rb5 42.Bf6 Kg6
43.Rf1 Rg5 44.Bxg5 hxg5 45.Rf6+ Kg7 46.Rf5 Kg6 47.Rff3 g4 48.Rg3 Kf5 49.Rxb3 Rxb3
50.Rxb3 Nd4 51.Rb7 g3 52.Rxf7+ Kxe5 53.Rg7 Kf4 54.a4 Ne6 55.Rf7+ Kg4 56.Rf1 g2
57.Rd1 Kf3 58.a5 Kf2 59.a6 g1=Q 60.Rxg1 Kxg1 61.a7 Nc7 62.Kc2 Kf2 63.Kd3 Kf3
64.Kc4  1-0

[Event "81st ch-ARG"]
[Site "San Luis ARG"]
[Date "2006.05.02"]
[Round "7"]
[White "Blit,J"]
[Black "Ricardi,P"]
[Result "0-1"]
[WhiteElo "2246"]
[BlackElo "2515"]

1.e4 c5 2.Nf3 d6 3.d4 cxd4 4.Nxd4 Nf6 5.Nc3 a6 6.f3 e6 7.Be3 b5 8.Qd2 Be7
9.Nb3 O-O 10.O-O-O Bd7 11.g4 b4 12.Ne2 a5 13.g5 Ne8 14.Kb1 Nc6 15.f4 Nc7
16.Rg1 Qb8 17.Ng3 Nb5 18.Nh5 Rd8 19.Bxb5 Qxb5 20.Nd4 Nxd4 21.Bxd4 e5 22.Bf2 Kh8
23.f5 Bf8 24.Nf6 b3 25.cxb3 a4 26.Qe3 axb3 27.Qh3 gxf6 28.gxf6 Qe2 29.Qxb3 Rdb8
30.Bb6 Qxe4+ 31.Ka1 d5 32.Rde1 Qc4  0-1

[Event "RC SPORT Open"]
[Site "Usti nad Orlici CZE"]
[Date "2006.05.03"]
[Round "6"]
[White "Petr,Ma"]
[Black "Cerveny,M"]
[Result "1/2-1/2"]
[WhiteElo "2416"]
[BlackElo "2231"]

1.e4 c5 2.Nf3 d6 3.d4 cxd4 4.Nxd4 Nf6 5.Nc3 a6 6.f3 e5 7.Nb3 Be6 8.Be3 Nbd7
9.Qd2 b5 10.O-O-O Rc8 11.g4 Nb6 12.g5 Nh5 13.Kb1 Be7 14.Rg1 O-O 15.Qf2 Nc4
16.Bxc4 bxc4 17.Nc5 Qc7 18.N5a4 Rb8 19.Nb6 Bd8 20.Nbd5 Qb7 21.b3 Ba5 22.Ne2 f5
23.Qh4 cxb3 24.cxb3 fxe4 25.fxe4 g6 26.Ng3 Bxd5 27.Rxd5 Nf4 28.Rxa5 Qb4 29.Bxf4 exf4
30.Rf5 gxf5 31.g6 Rb7 32.gxh7+ Kh8 33.Qxf4 Qd4 34.Rg2 Rc8 35.Nxf5 Qd3+ 36.Kb2 Qc3+
37.Kb1 Qd3+  1/2-1/2

[Event "14th Sigeman & Co"]
[Site "Malmo SWE"]
[Date "2006.05.04"]
[Round "7"]
[White "Fedorov,Alex"]
[Black "Carlsson,P"]
[Result "1-0"]
[WhiteElo "2614"]
[BlackElo "2433"]

1.e4 c5 2.Nf3 d6 3.d4 Nf6 4.Nc3 cxd4 5.Nxd4 a6 6.f3 e6 7.Be3 b5 8.g4 h6 9.Qd2 b4
10.Nce2 e5 11.Nb3 Nc6 12.O-O-O a5 13.Kb1 a4 14.Nbc1 Be6 15.Ng3 Qa5 16.Bd3 d5
17.exd5 Nxd5 18.Be4 O-O-O 19.Qe2 g6 20.h4 Bg7 21.h5 Nd4 22.Bxd4 exd4 23.hxg6 d3
24.Nxd3 a3 25.Rh5 axb2 26.Bxd5 Bxd5 27.Nxb4 Qxb4 28.Rhxd5 Rhe8 29.Qa6+ Kc7
30.Rd7+ Rxd7 31.Qa7+  1-0

[Event "ch-UKR sf"]
[Site "Alushta UKR"]
[Date "2006.05.19"]
[Round "7"]
[White "Kucherenko,D"]
[Black "Luzhinsky,V"]
[Result "0-1"]
[WhiteElo "2353"]
[BlackElo "2231"]

1.e4 c5 2.Nf3 d6 3.d4 cxd4 4.Nxd4 Nf6 5.Nc3 a6 6.f3 Qb6 7.Nb3 e6 8.Qe2 Nc6
9.Be3 Qc7 10.O-O-O b5 11.Qf2 Nd7 12.g4 Nce5 13.Kb1 Bb7 14.g5 Rc8 15.Bd3 Nc5
16.Ka1 b4 17.Ne2 d5 18.Nxc5 Bxc5 19.Ng3 O-O 20.Rhe1 Bxe3 21.Qxe3 d4 22.Qf2 Rfd8
23.Kb1 a5 24.f4 Ng4 25.Qf3 Ne3 26.Rc1 a4 27.Ne2 Nc4 28.Red1 Qb6 29.h4 Ne3
30.Re1 b3 31.cxb3 axb3 32.Rxc8 bxa2+ 33.Ka1 Rxc8 34.Nxd4 Nc4 35.Bxc4 Rxc4
36.Nb3 Rb4 37.Re3 g6 38.Kxa2 Ba6 39.h5 gxh5 40.Ka1 Bc4 41.Nd2 Ra4+ 42.Ra3 Rxa3+
43.Qxa3 Qg1+ 44.Nb1 Qd4 45.Qe7 Bd3 46.Nc3 h4 47.g6 hxg6 48.Qxh4 Qa7+ 49.Na2 Qg1+
50.Nc1 Qxc1+ 51.Ka2 Qc4+  0-1

[Event "37th Olympiad w"]
[Site "Turin ITA"]
[Date "2006.05.21"]
[Round "1"]
[White "Ellappen,J"]
[Black "Zimina,O"]
[Result "0-1"]
[WhiteElo "1934"]
[BlackElo "2404"]

1.e4 c5 2.Nf3 d6 3.d4 cxd4 4.Nxd4 Nf6 5.Nc3 a6 6.f3 e5 7.Nb3 Be6 8.Be3 Be7
9.Qd2 O-O 10.O-O-O Nbd7 11.g4 b5 12.g5 Nh5 13.Kb1 Nb6 14.Qf2 Nc4 15.Bxc4 bxc4
16.Na5 Qd7 17.Rhg1 Bd8 18.Bb6 Nf4 19.Rg3 Rb8 20.Bxd8 Rfxd8 21.Rd5 Qc7 22.Qe1 Bxd5
23.Nxd5 Nxd5 24.exd5 c3 25.Nb3 a5 26.Qe4 Rb4 27.Qd3 a4 28.a3 Rb6 29.Rh3 g6
30.Na1 cxb2  0-1

[Event "37th Olympiad w"]
[Site "Turin ITA"]
[Date "2006.05.21"]
[Round "1"]
[White "Brunello,M"]
[Black "Muhren,B"]
[Result "0-1"]
[WhiteElo "1920"]
[BlackElo "2253"]

1.e4 c5 2.Nf3 d6 3.d4 cxd4 4.Nxd4 Nf6 5.Nc3 a6 6.f3 e6 7.Be3 b5 8.Qd2 b4
9.Nce2 e5 10.Nb3 Nc6 11.O-O-O Be6 12.g4 a5 13.Kb1 Be7 14.h4 Nd7 15.g5 a4
16.Nbc1 Ra5 17.f4 exf4 18.Bxf4 Nde5 19.Nd4 Nxd4 20.Qxd4 Qb8 21.Bh3 Bxh3 22.Rxh3 O-O
23.h5 Rc5 24.h6 g6 25.Nd3 Rb5 26.Rg3 Rc8 27.Rg2 Rc4 28.Qf2 Rxe4 29.Bc1 Qe8
30.Nxe5 Rbxe5 31.Bf4 Rf5 32.Rg4 Bxg5 33.Rxg5 Rfxf4 34.Qh2 Re1 35.Rd5 Rxd1+
36.Rxd1 Qe5 37.Qd2 Re4 38.Qg2 a3 39.c3 bxc3 40.bxc3 Qxc3  0-1

[Event "37th Olympiad w"]
[Site "Turin ITA"]
[Date "2006.05.24"]
[Round "4"]
[White "Swathi,G"]
[Black "Dzagnidze,N"]
[Result "1-0"]
[WhiteElo "2262"]
[BlackElo "2454"]

1.e4 c5 2.Nf3 d6 3.d4 cxd4 4.Nxd4 Nf6 5.Nc3 a6 6.f3 e5 7.Nb3 Be6 8.Be3 Nbd7
9.Qd2 Be7 10.O-O-O b5 11.g4 Nb6 12.g5 Nfd7 13.Nd5 Bxd5 14.exd5 O-O 15.Na5 Qc7
16.Nc6 Rfe8 17.h4 Bf8 18.h5 f5 19.f4 Rac8 20.Kb1 Nc4 21.Bxc4 bxc4 22.Rh4 exf4
23.Rxf4 Ne5 24.Rxf5 Nxc6 25.dxc6 Qxc6 26.Bd4 Rc7 27.Rdf1 d5 28.h6 g6 29.Rf6 Qd7
30.Qf4 Qe7 31.Bc3 Qc5 32.Rf7 Rec8 33.Qf6 d4 34.Bxd4  1-0

[Event "37th Olympiad w"]
[Site "Turin ITA"]
[Date "2006.05.25"]
[Round "5"]
[White "Andriasian,S"]
[Black "Makropoulou,M"]
[Result "1-0"]
[WhiteElo "2237"]
[BlackElo "2305"]

1.e4 c5 2.Nf3 d6 3.d4 cxd4 4.Nxd4 Nf6 5.Nc3 a6 6.Be3 Ng4 7.Bc1 Nf6 8.f3 e6
9.Be3 Qc7 10.Qd2 Nc6 11.O-O-O h5 12.Be2 Bd7 13.f4 Nxd4 14.Bxd4 Bc6 15.Bf3 e5
16.Be3 Be7 17.Kb1 b5 18.fxe5 dxe5 19.Nd5 Bxd5 20.exd5 Bd6 21.Bg5 Nd7 22.Qe2 g6
23.h3 f6 24.Bc1 O-O-O 25.Rd3 b4 26.c3 Nc5 27.cxb4 Nxd3 28.Qxd3 Kb8 29.Be3 Qb7
30.Rc1 f5 31.Rc6 e4 32.Qd4 exf3 33.Rb6 Rh7 34.gxf3 Kc8 35.Rxb7 Rxb7 36.Qc4+ Kb8
37.Qxa6 f4 38.Bb6 Rdd7 39.Bc5 Bxc5 40.bxc5 Rxd5 41.c6 Re7 42.b4 Kc7 43.b5 Re1+
44.Kc2 Re2+ 45.Kc3 Rc5+ 46.Kd4  1-0

[Event "37th Olympiad w"]
[Site "Turin ITA"]
[Date "2006.05.27"]
[Round "6"]
[White "Ellappen,J"]
[Black "Rossinskaya,L"]
[Result "1/2-1/2"]
[WhiteElo "1934"]
[BlackElo "1931"]

1.e4 c5 2.Nf3 d6 3.d4 cxd4 4.Nxd4 Nf6 5.Nc3 a6 6.f3 e5 7.Nb3 Be6 8.Be3 Nbd7
9.Qd2 Qc7 10.O-O-O Rc8 11.Qf2 b5 12.Kb1 Bc4 13.g4 h6 14.h4 Bxf1 15.Rhxf1 b4
16.Nd5 Nxd5 17.exd5 a5 18.f4 f6 19.fxe5 dxe5 20.g5 hxg5 21.hxg5 a4 22.Nc1 Bc5
23.Bxc5 Qxc5 24.Qg2 fxg5 25.Rd2 Qc4 26.Rg1 a3 27.Qxg5 axb2 28.Nb3 Ra8 29.d6 Qe6
30.Qxg7 Rf8 31.Re2 Qxd6 32.Qg6+ Qxg6 33.Rxg6 Rf1+ 34.Kxb2 Ke7 35.Rh6 Raf8
36.Nd4 R8f6 37.Nc6+ Kd6 38.Rxf6+ Rxf6 39.Nxb4 Kc5 40.Nd3+ Kd4 41.Kc1 e4 42.Nb4 Nc5
43.c3+  1/2-1/2

[Event "37th Olympiad w"]
[Site "Turin ITA"]
[Date "2006.05.29"]
[Round "8"]
[White "Swathi,G"]
[Black "Andriasian,S"]
[Result "1-0"]
[WhiteElo "2262"]
[BlackElo "2237"]

1.e4 c5 2.Nf3 d6 3.d4 cxd4 4.Nxd4 Nf6 5.Nc3 a6 6.f3 e5 7.Nb3 Be6 8.Be3 Be7
9.Qd2 Nbd7 10.g4 b5 11.O-O-O O-O 12.g5 b4 13.Ne2 Ne8 14.f4 a5 15.f5 a4 16.Nbd4 exd4
17.Nxd4 b3 18.Kb1 bxc2+ 19.Nxc2 Bb3 20.axb3 axb3 21.Na3 Ne5 22.h4 Ra5 23.Qb4 Qa8
24.Bb6 Ra4 25.Qxb3 Qxe4+ 26.Nc2 Qxh1 27.Qxa4 Qb7 28.Qa5 Qf3 29.Ne3 Qe4+ 30.Ka1 Nc6
31.Bg2 Qxg2 32.Nxg2 Nxa5 33.Bxa5 d5 34.Nf4 Bd6 35.Nxd5 f6 36.gxf6 gxf6 37.Bc3 Bh2
38.Re1 Nd6 39.Nxf6+ Kf7 40.Ng4 Ra8+ 41.Kb1 Bg3 42.Re6 Nb5 43.Be5 Bxe5 44.Nxe5+ Kg7
45.f6+ Kf8 46.Re7 Nd6 47.Rxh7 Kg8 48.Rg7+ Kf8 49.Rd7 Nf5 50.Ng6+ Ke8 51.Rh7  1-0

[Event "Lasker Mem A"]
[Site "Barlinek POL"]
[Date "2006.06.04"]
[Round "2"]
[White "Chlost,M"]
[Black "Bulski,K"]
[Result "0-1"]
[WhiteElo "2122"]
[BlackElo "2389"]

1.e4 c5 2.Nf3 d6 3.d4 cxd4 4.Nxd4 Nf6 5.Nc3 a6 6.f3 e5 7.Nb3 Be6 8.Be3 Be7
9.Qd2 O-O 10.O-O-O Qc7 11.g4 Rc8 12.g5 Nh5 13.Nd5 Bxd5 14.exd5 Nd7 15.Bh3 g6
16.Kb1 a5 17.Qd3 a4 18.Nd2 a3 19.b3 Rd8 20.Bxd7 Qxd7 21.Rhg1 b5 22.Rg4 Rdc8
23.c4 Rab8 24.cxb5 Qxb5 25.Qxb5 Rxb5 26.Rc4 Rcb8 27.Ne4 f5 28.gxf6 Nxf6 29.Nxf6+ Bxf6
30.Bc1 Ra8 31.Kc2 Be7 32.b4 Bd8 33.Kb3 Rb7 34.Rc6 Bb6 35.Rd3 Bc5 36.Bxa3 Kf7
37.Rd1 Ke7 38.Rc1 Kd7 39.Rc4 Rf8 40.Bb2 Rxf3+ 41.Bc3 Rd3 42.Rh4 Rxd5 43.Ra6 Ke6
44.Ra8 Be3 45.a4 Rd1 46.a5 Kd5 47.Rh3 Rd3 48.Kc2 e4 49.Rc8 Rf7 50.a6 Rf2+
51.Kb3 Rf1 52.Rxe3 Rxe3 53.a7 Rxc3+ 54.Rxc3 Ra1 55.Rc7 e3 56.Re7 e2 57.Rxe2 Rxa7
58.Rd2+ Ke5 59.Re2+ Kd5 60.Rd2+ Kc6 61.Kc4 Rf7 62.b5+ Kc7 63.Ra2 Rf4+ 64.Kd5 Rf5+
65.Kc4 Rf4+ 66.Kd5 Rh4 67.Rc2+ Kb6 68.Kxd6 Kxb5 69.Kd5 Kb4 70.Ke5 Kb3 71.Rf2 Kc3
72.Kf6 Rh5 73.Kg7 Kd4 74.Ra2 Ke4 75.Kf6 Kf4 76.Ra4+ Kf3 77.Ra2 Ke3 78.Rb2 Kd3
79.Ra2 Kc3 80.Rg2 Kb3 81.Re2 Kc4 82.Ra2 Kd4 83.Ra4+ Ke3 84.Ra2 Kf3 85.Rb2 Kg4
86.Rb4+ Kh3 87.Rb2 Rf5+ 88.Kg7 Rh5 89.Re2 g5 90.Kf6 g4 91.Rb2 Rc5 92.Kg7 h5
93.Kg6 h4 94.Rb4 g3  0-1

[Event "Lasker Mem A"]
[Site "Barlinek POL"]
[Date "2006.06.05"]
[Round "3"]
[White "Leniart,A"]
[Black "Lagowski,P"]
[Result "1-0"]
[WhiteElo "2333"]
[BlackElo "2392"]

1.e4 c5 2.Nf3 d6 3.d4 cxd4 4.Nxd4 Nf6 5.Nc3 a6 6.f3 e5 7.Nb3 Be7 8.Be3 Be6
9.Qd2 Nbd7 10.g4 h6 11.O-O-O b5 12.Kb1 Nb6 13.Na5 Qc7 14.Bxb6 Qxb6 15.Nd5 Nxd5
16.exd5 Bd7 17.Bd3 Rc8 18.Be4 g6 19.Nc6 f5 20.gxf5 gxf5 21.Qg2 Bxc6 22.Qg6+ Kd8
23.dxc6 Rxc6 24.Bxc6 Qxc6 25.Qxf5 Rf8 26.Qxe5 Rxf3 27.Rhe1 Bf8 28.Qd4 Rf7
29.Rf1 Rxf1 30.Rxf1 Be7 31.Qh8+ Kc7 32.Qxh6 Qg2 33.Qf4 Bg5 34.Qf7+ Kd8 35.Qg8+ Kc7
36.Rf7+ Kb6 37.Qb8+  1-0

[Event "2nd Open"]
[Site "San Marino SMR"]
[Date "2006.06.07"]
[Round "3"]
[White "Delorme,Al"]
[Black "Paragua,M"]
[Result "0-1"]
[WhiteElo "2298"]
[BlackElo "2617"]

1.e4 c5 2.Nf3 d6 3.d4 cxd4 4.Nxd4 Nf6 5.Nc3 a6 6.f3 e5 7.Nb3 Be6 8.Be3 Be7
9.Qd2 O-O 10.O-O-O Nbd7 11.g4 b5 12.g5 b4 13.Ne2 Ne8 14.Ng3 a5 15.Kb1 Nb6
16.Nf5 Bxf5 17.exf5 d5 18.f4 d4 19.Qg2 Nd5 20.Bxd4 Nxf4 21.Qf3 exd4 22.Qxf4 Bxg5
23.Qxd4 Qc7 24.Qc5 a4 25.Qxc7 Nxc7 26.Nc5 Ra5 27.Nd7 Re8 28.h4 Rd5 29.Bd3 Be3
30.Bc4 Rxf5 31.Rhf1 Rf4 32.Rxf4 Bxf4 33.a3 bxa3 34.bxa3 Be3 35.Rf1 Ne6 36.Bb5 Ra8
37.Re1 Bd4 38.Re4 g6 39.Bc4 Bg7 40.Bb5 Nd4 41.c4 f5 42.Nb6 fxe4 43.Nxa8 e3  0-1

[Event "2nd Goran"]
[Site "Bibinje CRO"]
[Date "2006.06.08"]
[Round "1"]
[White "Jakic,I"]
[Black "Groszpeter,A"]
[Result "1/2-1/2"]
[WhiteElo "2352"]
[BlackElo "2518"]

1.e4 c5 2.Nf3 d6 3.d4 cxd4 4.Nxd4 Nf6 5.Nc3 a6 6.f3 e5 7.Nb3 Be6 8.Be3 Be7
9.Qd2 O-O 10.O-O-O Nbd7 11.g4 b5 12.g5 b4 13.Ne2 Ne8 14.f4 a5 15.f5 a4 16.fxe6 axb3
17.exf7+ Rxf7 18.cxb3 Rxa2 19.Ng3  1/2-1/2

[Event "28th Nezhmetdinov mem"]
[Site "Kazan RUS"]
[Date "2006.06.08"]
[Round "8"]
[White "Tseshkovsky,V"]
[Black "Kalegin,E"]
[Result "0-1"]
[WhiteElo "2572"]
[BlackElo "2458"]

1.e4 c5 2.Nf3 d6 3.d4 cxd4 4.Nxd4 Nf6 5.Nc3 a6 6.f3 e6 7.g4 h6 8.Be3 Nc6
9.Qd2 Ne5 10.O-O-O b5 11.Bd3 Nfd7 12.f4 Nxd3+ 13.cxd3 Bb7 14.Kb1 Nc5 15.h4 b4
16.Nce2 a5 17.Rh3 Qd7 18.Rg3 Rc8 19.Nf3 Nxe4 20.dxe4 Bxe4+ 21.Ka1 Rc2 22.Qe1 Qa4
23.Nc1 Rxb2  0-1

[Event "Lasker Mem A"]
[Site "Barlinek POL"]
[Date "2006.06.10"]
[Round "8"]
[White "Chlost,M"]
[Black "Gorecka,J"]
[Result "1-0"]
[WhiteElo "2122"]
[BlackElo "2082"]

1.e4 c5 2.Nf3 d6 3.d4 cxd4 4.Nxd4 Nf6 5.Nc3 a6 6.f3 e5 7.Nb3 Be6 8.Be3 Be7
9.Qd2 O-O 10.O-O-O a5 11.Bb5 Nbd7 12.Qf2 Rc8 13.Kb1 Ne8 14.Na4 Nef6 15.g4 Bc4
16.Bxd7 Nxd7 17.Nb6 Nxb6 18.Bxb6 Qd7 19.Bxa5 Qa4 20.Bc3 Ra8 21.a3 Rfc8 22.Bb4 Ra6
23.Nc1 Be6 24.h4 Rca8 25.b3 Qc6 26.Kb2 Rb6 27.Na2 Rc8 28.Qd2 Bf8 29.Rh2 Ra6
30.Nc3 Qb6 31.Nd5 Qc6 32.Qd3 b5 33.g5 Qb7 34.h5 Rac6 35.h6 g6 36.Nf6+ Kh8
37.f4 exf4 38.Qd4 Qb6 39.Bc3 Qc5 40.Nd7+ Qxd4 41.Bxd4+ Kg8 42.Nf6+ Kh8 43.Rf2 R6c7
44.Nd5+ Kg8 45.Nxc7 Rxc7 46.Bf6 f3 47.Rd3 Ra7 48.Rfxf3 Ra6 49.Rf1 d5 50.exd5 Bxa3+
51.Kb1 Bf5 52.Re3 Ra8 53.Rfe1 Bd7 54.Re7  1-0

[Event "Masters"]
[Site "Las Vegas USA"]
[Date "2006.06.11"]
[Round "3"]
[White "Perelshteyn,E"]
[Black "Sarkar,J"]
[Result "1-0"]
[WhiteElo "2526"]
[BlackElo "2355"]

1.e4 c5 2.Nf3 d6 3.d4 cxd4 4.Nxd4 Nf6 5.Nc3 a6 6.f3 e6 7.Be3 b5 8.Qd2 Nbd7
9.g4 Nb6 10.a4 Nc4 11.Bxc4 bxc4 12.a5 Qc7 13.Na4 Rb8 14.Nb6 Bb7 15.O-O c3
16.Qxc3 Qxc3 17.bxc3 Nd7 18.Rab1 Be7 19.c4 Kd8 20.Rfd1 Ne5 21.c5 Kc7 22.Bf4 Rhd8
23.Rb3 Nc6 24.Nxc6 Kxc6 25.cxd6 Bxd6 26.Bxd6  1-0

[Event "TCh-NOR"]
[Site "Oslo NOR"]
[Date "2006.06.11"]
[Round "5"]
[White "Sagafos,M"]
[Black "Jansson,J"]
[Result "1-0"]
[WhiteElo "2271"]
[BlackElo "2300"]

1.e4 c5 2.Nf3 d6 3.d4 cxd4 4.Nxd4 Nf6 5.Nc3 a6 6.f3 e5 7.Nb3 Be6 8.Be3 Be7
9.Qd2 O-O 10.O-O-O a5 11.Na4 Nc6 12.Qf2 Qb8 13.Nb6 a4 14.Nd2 Bxa2 15.Nxa8 Qxa8
16.Bc4 Bxc4 17.Nxc4 b5 18.Nb6 Qa5 19.Qd2 Nb4 20.Kb1 Rd8 21.Qc3 d5 22.Nxd5 Nfxd5
23.Rxd5 Ra8 24.Rd7 Bf8 25.Qc7 Qa6 26.Qb6 Qc8 27.Rc7 Qe8 28.Bd2 a3 29.Bxb4 Bxb4
30.Qc6 Qf8 31.Rd1 axb2 32.Rdd7 Bd2 33.Ra7 Rc8 34.Qxb5 Be3 35.Rxf7 Bxa7 36.Rxf8+ Kxf8
37.Qb7  1-0

[Event "Open A"]
[Site "Balatonlelle HUN"]
[Date "2006.06.17"]
[Round "1"]
[White "Balog,M"]
[Black "Pinter,J"]
[Result "1-0"]
[WhiteElo "2225"]
[BlackElo "2532"]

1.e4 c5 2.Nf3 d6 3.d4 cxd4 4.Nxd4 Nf6 5.Nc3 a6 6.f3 e5 7.Nb3 Be6 8.Be3 Nbd7
9.g4 b5 10.g5 Nh5 11.Qd2 Nb6 12.Nd5 Bxd5 13.exd5 Rc8 14.Na5 Qc7 15.Bh3 Ra8
16.O-O-O Be7 17.Bg4 Nf4 18.Bxf4 exf4 19.Rhe1 O-O 20.Qxf4 Bd8 21.Kb1 Nxd5
22.Rxd5 Qxa5 23.Re2 Qb6 24.a3 g6 25.Qe4 Ra7 26.Qd3 Be7 27.c3 Rb8 28.Qe3 Qc7
29.Rd4 a5 30.Re4 Bf8 31.Re8 Rxe8 32.Qxe8 Qc4 33.Qe4 Qb3 34.Qc2 Qd5 35.Qd2 Qc6
36.f4 Rc7 37.Re1 Rb7 38.Bh3 Rb8 39.Bg2 Qb6 40.Qe3 Qc7 41.Bd5 b4 42.cxb4 axb4
43.a4 b3 44.Bxb3 Bg7 45.Ka2 Qb7 46.Re2 Qb4 47.Qf3 Rf8 48.h4 Kh8 49.f5 gxf5
50.Qxf5 Qxh4 51.Bc2 Rb8 52.Bb3 Rf8 53.Bc2 Kg8 54.Bb3 Qh5 55.Rf2 Bd4 56.Rg2 Be5
57.g6  1-0

[Event "Open A"]
[Site "Voronezh RUS"]
[Date "2006.06.18"]
[Round "6"]
[White "Airapetian,Ta"]
[Black "Elizarov,A"]
[Result "1-0"]
[WhiteElo "2155"]
[BlackElo "2366"]

1.e4 c5 2.Nf3 d6 3.d4 cxd4 4.Nxd4 Nf6 5.Nc3 a6 6.f3 e6 7.Be3 Nc6 8.Qd2 Bd7
9.g4 h6 10.Rg1 b5 11.Nxc6 Bxc6 12.h4 Nd7 13.h5 Ne5 14.Qf2 Be7 15.O-O-O b4
16.Nb1 Qa5 17.f4 Nd7 18.Bc4 Bxe4 19.Nd2 Bb7 20.Kb1 d5 21.Nb3 Qc7 22.Bd3 a5
23.g5 hxg5 24.fxg5 e5 25.g6 fxg6 26.Bxg6+ Kd8 27.Bf7 Rf8 28.Rxg7 a4 29.Nc1 a3
30.Rg8 Rxg8 31.Bxg8 axb2 32.Nb3 Qc4 33.Bb6+ Kc8 34.Ba5 Ra6 35.Qf7 Bd8 36.Qe8 Rxa5
37.Nxa5 Qe2 38.Rh1 Qg2 39.Nxb7 Qxh1+ 40.Kxb2 Qe1 41.Qxd8+ Kxb7 42.Qxd7+ Kb8
43.Qd6+  1-0